Statistics for USA National Team Members 2000-Present

Click here to take the quiz!

General Stats

  • This quiz has been taken 479 times
    (93 since last reset)
  • The average score is 86 of 151

Answer Stats

Year(s)GymGymnast% Correct
2013-2016, 2018-PresentBannon's/World Champions CentreSimone Biles
98%
2010-2012, 2015-2016Excalibur/Chow's/BuckeyeGabrielle Douglas
96%
2010-2012Gedderts' TwistarsJordyn Wieber
91%
2010-2012, 2015-2016Brestyan'sAlexandra Raisman
91%
2007-2008,2010-2011Chow'sShawn Johnson
91%
2005-2009, 2011-2012WOGANastia Liukin
89%
2010-2013AOGCMcKayla Maroney
89%
2016-2018Texas DreamsRagan Smith
89%
2011-2012Legacy EliteAnna Li
89%
2010Brandy Johnson's GlobalMorgan Smith
88%
2012-2016Gym-MaxKyla Ross
88%
2017-PresentFirst StateMorgan Hurd
88%
2008-2009Texas EastAlaina Johnson
86%
2013, 2015-2016WOGAMadison Kocian
86%
2005-2006CincinnatiJacquelyn Johnson
84%
2004WOGACarly Patterson
84%
2013-2016, 2019Desert LightsMykayla Skinner
82%
2007-2012Sharp'sBridget Sloan
80%
2004-2008,2010-2012Brestyan'sAlicia Sacramone
80%
2004-2009, 2011Salto/M&M'sChellsie Memmel
80%
2017-PresentMG EliteRiley McCusker
80%
2016MG EliteLaurie Hernandez
79%
2018-PresentGAGEKara Eaker
79%
2019-PresentMidwestSunisa Lee
79%
2012-2016Twin City TwistersMaggie Nichols
77%
2014-2017EverestAshton Locklear
75%
2009-2012WOGARebecca Bross
75%
2007-2009DeVeau's/Sharp'sSamantha Peszek
75%
2017-PresentOasisJade Carey
75%
2018-PresentTwin City TwistersGrace McCallum
75%
2012GAGESarah Finnegan
73%
2017-PresentNaydenov/World Champions CentreJordan Chiles
73%
2000Hill's AngelsDominiqe Dawes
73%
2002-2004Hill's AngelsCourtney Kupets
71%
2019GAGEAleah Finnegan
71%
2019-PresentGAGELeanne Wong
71%
2007-2010GAGE/WOGAIvana Hong
71%
2000West ValleyAmy Chow
71%
2002Hill's AngelsAshley Kupets
70%
2000ParkettesKristen Maloney
70%
2001North StarsAshley Miller
70%
2012-2016GAGEBrenna Dowell
68%
2009Gym Nest Inc.Kayla Williams
68%
2017-PresentPrestigeTrinity Thomas
68%
2012-2013ParkettesElizabeth Price
66%
2000WOGAVanessa Atler
66%
2000Hill's AngelsElise Ray
66%
2008-2011AGC/Naperville/Legacy EliteMackenzie Caquatto
64%
2005-2009Boca TwistersJana Bieger
64%
2004Great AmericanCourtney McCool
64%
2014-2016WOGAAlyssa Baumann
64%
2000CincinnatiDominique Moceanu
64%
2008-2010AOGCMattie Larson
64%
2005-2006Orlando MetroKassi Price
64%
2000Charter Oak GlidersJamie Dantzscher
63%
2006CincinnatiAshley Priess
63%
2010-2011Legacy EliteBridgette Caquatto
63%
2017-20195280 GymnasticsAlyona Shchennikova
61%
2001-2004StarsAnnia Hatch
61%
2019WOGASloane Blakely
61%
2000-2004Gym CatsTasha Schwikert
61%
2001,2004AOGCMohini Bhardwaj
61%
2015-2016Texas DreamsBailie Key
61%
2006-2008Orlando MetroShayla Worley
59%
2000-2001CincinnatiMorgan White
59%
2004WOGAHollie Vise
59%
2019Texas DreamsEmma Malabuyo
59%
2012-2013Texas DreamsKennedy Baker
57%
2018Salcianu EliteMaile O'Keefe
57%
2001-2004Charter Oak GlidersTabitha Yim
57%
2015-2016Buckeye GymnasticsNia Dennis
55%
2000ParkettesKendall Beck
55%
2002-2004Great AmericanTerin Humphrey
55%
2013Cincinnati Gymnastics/PerfectionLexie Priessman
55%
2006-2007Stars HoustonNatasha Kelley
55%
2015-2016EverestEmily Schild
55%
2014-2015GAGEMadison Desch
55%
2008,2010Texas DreamsChelsea Davis
54%
2014-2016Cincinnati GymnasticsAmelia Hundley
54%
2002-2004Capital GTCAshley Postell
54%
2015-2016Chow'sRachel Gowey
54%
2019Legacy EliteGabby Perea
54%
2000CincinnatiAlyssa Beckerman
54%
2017Buckeye GymnasticsShania Adams
52%
2012-2013Texas DreamsPeyton Ernst
52%
2010-2012DynamicSabrina Vega
52%
2015Gymnastics Academy of AtlantaMegan Skaggs
52%
2010UCLAVanessa Zamarripa
52%
2009-2010Hill'sKytra Hunter
52%
2006WOGAChristine Nguyen
50%
2002-2004CincinnatiSamantha Sheehan
50%
2017Chow'sVictoria Nguyen
50%
2000-2001SCEGARachel Tidd
50%
2001-2004Capital GTCKatie Heenan
50%
2001-2002South TexasAshley Miles
48%
2000IGAAshley Kelly
48%
2014-2015Gym-MaxFelicia Hano
48%
2002-2004WOGANina Kim
48%
2018Future Gymnastics AcademyShilese Jones
48%
2017ParkettesMargzetta Frazier
48%
2000SCATSJeanette Antolin
46%
2001ExcaliburDana Filetti
46%
2011GKBrandie Jay
45%
2002-2004Illinois Gymnastics InstituteLiz Tricase
45%
2017Twin City TwistersAbby Paulson
45%
2002WOGANicole Childs
45%
2007Will-MoorDarlene Hill
45%
2010-2012ZenithMcKenzie Wofford
43%
2008-2009Orlando MetroOlivia Courtney
43%
2011Twin City TwistersJessie DeZiel
43%
2006, 2008ExcaliburRandi Stageberg
43%
2006-2007ParkettesAmber Trani
43%
2004Charter Oak GlidersAllyse Ishino
43%
2007ParkettesGeralen Stack-Eaton
43%
2008Hill'sCorrie Lothrop
43%
2009-2010AOGCSamantha Shapiro
43%
2004ParkettesNicole Harris
43%
2001Colorado AerialsNatalie Foley
43%
2011WOGAGrace McLaughlin
43%
2009PrecisionKaitlyn Clark
41%
2011West Coast EliteHallie Mossett
41%
2004ParkettesTia Orlando
39%
2004-2005Illinois Gymnastics InstituteKristina Comforte
39%
2002ParkettesKristal Uzelac
39%
2001WOGALindsey Vanden Eykel
39%
2000StarzAnnabeth Eberle
39%
2000ExcaliburCory Fritzinger
38%
2000IGAMarie Fjordholm
38%
2004Texas DreamsBrittany Magee
38%
2010-2011CincinnatiAmanda Jetter
38%
2004Illinois Gymnastics InstituteKelly Fee
36%
2009-2010CincinnatiCassandra Whitcomb
36%
2000Hill's AngelsErin Dooley
36%
2000Capital GTCMonique Chang
34%
2004-2005ByersAnnie DiLuzio
34%
2004Brown'sSusan Jackson
34%
2004ExcaliburMarcia Newby
34%
2004Desert DevilsCarly Janiga
32%
2016Texas DreamsChristina Desiderio
32%
2005SCEGABrittani McCullough
32%
2004Orlando MetroMelanie Sinclair
32%
2000Cascade EliteMylan Dodd
32%
2005CincinnatiHilary Mauro
30%
2001American TwistersKatie Kivisto
30%
2004Hill's AngelsCorey Hartung
29%
2005-2006ReboundKayla Hoffman
29%
2001Harris UnlimitedBrittney Koncak
29%
2000-2001SCEGAAmanda Stroud
27%
2000Hill's AngelsLindsay Wing
27%
2004-2005Great AmericanSarah Shire
25%
2000Bart Conner GymnasticsLarissa Stewart
21%

Score Distribution

Percentile by Number Answered

Percent of People with Each Score

Your Score History

You have not taken this quiz since the last reset